| 000 | 00366nam a2200133Ia 4500 | ||
|---|---|---|---|
| 005 | 20260328104304.0 | ||
| 008 | 260328s9999||||xx |||||||||||||| ||und|| | ||
| 100 | _aCicerón, Marcos Tulio | ||
| 245 | 0 |
_aMarco Tulio Cicerón : _bSobre la naturaleza de los dioses / _cMarcos Tulio Cicerón |
|
| 260 | _bSarpe | ||
| 300 | _a275 p. | ||
| 650 | _aFILOSOFIA | ||
| 942 | _cBK | ||
| 999 |
_c10692 _d10692 |
||